000 01201nam a2200205Ii 4500
003 JO-AjNU
008 230605s9999||||xx |||||||||||||| ||und||
017 _a2018/2/614
040 _aJO-AjNU
_bara
_erda
_cJO-AjNU
041 _aara
050 1 4 _aDS154.53.W37 2018
100 3 _aعبدالله بن الحسين بن علي، ملك الأردن، 1988 - 1951؛ اشراف البخيت، محمد عدنان؛ جمع وإعداد هند غسان أبو الشعر؛ المتابعة والتنسيق باسل غازي الجغامين,
_eauthor
_959469
245 0 0 _aالوثائق الهاشمية: أوراق عبدالله بن الحسين: الطب والأطباء في عهدي الإمارة والمملكة الأردنية الهاشمية (1925-1951م)
264 3 1 _aعمان: الجامعة الاردنية: مركز الوثائق والمخطوطات ودراسات بلاد الشام، 2018
300 _aمج23: 441ص
336 _atext
_btxt
_2rdacontent
337 _aunmediated
_bn
_2rdamedia
338 _avolume
_bnc
_2rdacarrier
650 4 _aالاردن - تاريخ - الملك عبدالله بن الحسين الاول - الطب والاطباء 1925-1951م
_959470
999 _aA26763
_c30331
_d30331